书目信息 |
| 题名: |
天然电场选频法理论研究与应用
|
|
| 作者: | 杨天春 , 夏代林 , 王齐仁 著 | |
| 分册: | ||
| 出版信息: | 长沙 中南大学出版社 2017.03 |
|
| 页数: | 152页 | |
| 开本: | 24cm | |
| 丛书名: | 有色金属文库 | |
| 单 册: | ||
| 中图分类: | P631.3 | |
| 科图分类: | ||
| 主题词: | 自然电场法--选频--研究 | |
| 电子资源: | ||
| ISBN: | 978-7-5487-2756-9 | |
| 000 | 01255oam2 2200289 450 | |
| 001 | 4957 | |
| 005 | 20181013161812.19 | |
| 010 | @a978-7-5487-2756-9@dCNY36.00 | |
| 100 | @a20170802d2017 em y0chiy50 ea | |
| 101 | 0 | @achi |
| 102 | @aCN@b430000 | |
| 105 | @aa z 000yy | |
| 200 | 1 | @a天然电场选频法理论研究与应用@9tian ran dian chang xuan pin fa li lun yan jiu yu ying yong@f杨天春[等]著 |
| 210 | @a长沙@c中南大学出版社@d2017.03 | |
| 215 | @a152页@c图@d24cm | |
| 225 | 1 | @a有色金属文库 |
| 300 | @a“十二五”国家图书出版规划项目 湖南省教育厅资助科研项目 (16K031) | |
| 304 | @a著者还有: 夏代林、王齐仁、付国红 | |
| 330 | @a本书对天然场场源特性进行分析,并对天然交变电磁场日变规律开展试验观测;研究天然电场选频法异常的形成机理、天然交变电场的动态特征;在地下饮用水勘探、煤矿老窑水探测以及岩土注浆堵水工程中开展大量的应用研究工作,将实测结果与理论模拟计算结果进行对比分析,归纳并解释异常的形成原因,为今后天然电场选频法的反演研究和实践应用提供科学指导。 | |
| 461 | 0 | @12001 @a有色金属文库 |
| 606 | 0 | @a自然电场法@x选频@x研究 |
| 690 | @aP631.3@v5 | |
| 701 | 0 | @a杨天春@9yang tian chun@f(1968-)@4著 |
| 701 | 0 | @a夏代林@9xia dai lin@4著 |
| 701 | 0 | @a王齐仁@9wang qi ren@4著 |
| 801 | 0 | @aCN@b91MARC@c20170802 |
| 905 | @aMuseLib@dP631.3@e97 | |
| 天然电场选频法理论研究与应用/杨天春[等]著.-长沙:中南大学出版社,2017.03 |
| 152页:图;24cm.-(有色金属文库) |
| “十二五”国家图书出版规划项目 湖南省教育厅资助科研项目 (16K031) |
| ISBN 978-7-5487-2756-9:CNY36.00 |
| 本书对天然场场源特性进行分析,并对天然交变电磁场日变规律开展试验观测;研究天然电场选频法异常的形成机理、天然交变电场的动态特征;在地下饮用水勘探、煤矿老窑水探测以及岩土注浆堵水工程中开展大量的应用研究工作,将实测结果与理论模拟计算结果进行对比分析,归纳并解释异常的形成原因,为今后天然电场选频法的反演研究和实践应用提供科学指导。 |
| ● |
| 相关链接 |
|
|
|
|
正题名:天然电场选频法理论研究与应用
索取号:P631.3/97
 
预约/预借
| 序号 | 登录号 | 条形码 | 馆藏地/架位号 | 状态 | 备注 |
| 1 | 1127439 | 211274397 | 第二样本阅览室/ [索取号:P631.3/97] | 在馆 | |
| 2 | 1127440 | 211274404 | 密集书库-物理学院/ [索取号:P631.3/97] | 在馆 | |
| 3 | 1127441 | 211274413 | 第三借阅区/ [索取号:P631.3/97] | 在馆 | |
| 4 | 1127442 | 211274422 | 第三借阅区/ [索取号:P631.3/97] | 在馆 | |
| 5 | 1127443 | 211274431 | 第三借阅区/ [索取号:P631.3/97] | 在馆 |